00362pab a2200121 454500008004000000100001400040245008400054260000900138300001000147362000900157650003100166773004300197180718b1983 xxu||||| |||| 00| 0 eng d aRaman, V. aAppropriate environmental analysis approach to siting of industrybA case study c1983 a81-91 aApr. aTrade Waste - India - M.P. aIndian Journal of Environmental Health